000 00484nam a2200181Ia 4500
005 20250326130056.0
008 250326s9999 xx 000 0 und d
037 _aTextbook
040 _aFMSL
_beng
_cFMSL
041 _aeng
_2eng
084 _aB2893 L0
_qFMSL
100 _aLewis C D
245 0 _aScientific inventory control
_cLewis C D
260 _aLondon
_bLondon, Butter Worths
_c1970
300 _a209p
942 _cTB
_hB2893 L0
999 _c1280811
_d1280811